000 00302nam a2200145Ia 4500
100 _aMoncur/ Micheal
942 _cBK
654 _acomputer
245 _aMCSE in a Nutshell
260 _bOreilly & Ass Inc
_aNONE
_c1998
082 _a4.65
_bMON
300 _a459
546 _aENGLISH
999 _c25865
_d25865